<?xml version="1.0" encoding="UTF-8"?>
<collection xmlns="http://www.loc.gov/MARC21/slim">
 <record>
  <leader>01505pam a22002418a 4500</leader>
  <controlfield tag="001">00016935</controlfield>
  <controlfield tag="005">20171026081022.0</controlfield>
  <controlfield tag="008">110415s2004                  ||||||Viesd</controlfield>
  <datafield tag="020" ind1=" " ind2=" ">
   <subfield code="c">20000</subfield>
  </datafield>
  <datafield tag="041" ind1="0" ind2="#">
   <subfield code="a">Vie</subfield>
  </datafield>
  <datafield tag="082" ind1="1" ind2="4">
   <subfield code="a">910</subfield>
   <subfield code="b">PH561PH</subfield>
  </datafield>
  <datafield tag="100" ind1="0" ind2="#">
   <subfield code="a">Nguyễn Kim Chương</subfield>
  </datafield>
  <datafield tag="245" ind1="0" ind2="0">
   <subfield code="a">Phương pháp toán trong địa lý</subfield>
   <subfield code="c">Nguyễn Kim Chương</subfield>
  </datafield>
  <datafield tag="260" ind1="#" ind2="#">
   <subfield code="a">[H.]</subfield>
   <subfield code="b">Đại học sư phạm</subfield>
   <subfield code="c">2004</subfield>
  </datafield>
  <datafield tag="300" ind1="#" ind2="#">
   <subfield code="a">199 tr.</subfield>
   <subfield code="b">hình vẽ</subfield>
   <subfield code="c">21 cm.</subfield>
  </datafield>
  <datafield tag="653" ind1="#" ind2="#">
   <subfield code="a">Phương pháp</subfield>
  </datafield>
  <datafield tag="653" ind1="#" ind2="#">
   <subfield code="a">toán trong địa lý</subfield>
  </datafield>
  <datafield tag="852" ind1="#" ind2="#">
   <subfield code="b">Kho giáo trình</subfield>
   <subfield code="j">KGT.0004433, KGT.0004434, KGT.0004435, KGT.0004436, KGT.0004437, KGT.0004438, KGT.0004439, KGT.0004440, KGT.0004441, KGT.0004442, KGT.0004443, KGT.0004444, KGT.0004445, KGT.0004446, KGT.0004447, KGT.0004448, KGT.0004449, KGT.0004450, KGT.0004451</subfield>
  </datafield>
  <datafield tag="852" ind1="#" ind2="#">
   <subfield code="b">Kho mượn</subfield>
   <subfield code="j">KGT.0004433</subfield>
  </datafield>
  <datafield tag="852" ind1="#" ind2="#">
   <subfield code="b">Kho đọc</subfield>
   <subfield code="j">KD.0002279</subfield>
  </datafield>
  <datafield tag="852" ind1="#" ind2="#">
   <subfield code="j">KD.0002279</subfield>
   <subfield code="j">KGT.0004443</subfield>
   <subfield code="j">KGT.0004445</subfield>
   <subfield code="j">KGT.0004446</subfield>
   <subfield code="j">KGT.0004448</subfield>
   <subfield code="j">KGT.0004449</subfield>
   <subfield code="j">KGT.0004451</subfield>
   <subfield code="j">KGT.0004433</subfield>
   <subfield code="j">KGT.0004435</subfield>
   <subfield code="j">KGT.0004436</subfield>
   <subfield code="j">KGT.0004438</subfield>
   <subfield code="j">KGT.0004439</subfield>
   <subfield code="j">KGT.0004441</subfield>
   <subfield code="j">KGT.0004442</subfield>
   <subfield code="j">KGT.0004434</subfield>
   <subfield code="j">KGT.0004437</subfield>
   <subfield code="j">KGT.0004440</subfield>
   <subfield code="j">KGT.0004444</subfield>
   <subfield code="j">KGT.0004447</subfield>
   <subfield code="j">KGT.0004450</subfield>
   <subfield code="j">KGT.0057610</subfield>
   <subfield code="j">KGT.0057611</subfield>
   <subfield code="j">KGT.0057612</subfield>
   <subfield code="j">KGT.0057613</subfield>
   <subfield code="j">KGT.0057614</subfield>
   <subfield code="j">KGT.0057615</subfield>
   <subfield code="j">KGT.0057616</subfield>
   <subfield code="j">KGT.0057617</subfield>
   <subfield code="j">KGT.0057618</subfield>
   <subfield code="j">KGT.0057619</subfield>
   <subfield code="j">KGT.0057620</subfield>
   <subfield code="j">KGT.0057621</subfield>
   <subfield code="j">KGT.0057622</subfield>
   <subfield code="j">KGT.0057623</subfield>
   <subfield code="j">KGT.0057624</subfield>
   <subfield code="j">KGT.0057625</subfield>
   <subfield code="j">KGT.0057626</subfield>
   <subfield code="j">KGT.0057627</subfield>
  </datafield>
  <datafield tag="910" ind1=" " ind2=" ">
   <subfield code="d">15/04/2011</subfield>
  </datafield>
  <datafield tag="980" ind1="#" ind2="#">
   <subfield code="a">Trung tâm Học liệu Lê Vũ Hùng, Trường Đại học Đồng Tháp</subfield>
  </datafield>
 </record>
</collection>
